| 000 | 00404nam a22001337a 4500 | ||
|---|---|---|---|
| 040 | _cNUST | ||
| 082 | _a200 THE | ||
| 100 |
_aMuhammad Haseeb _988305 |
||
| 110 |
_aSupervisor Dr. Hasan Aftab Saeed _988306 |
||
| 245 | _aTH-SOF-1950-Orthogonal Cutting of Gallium Nitride A Numerical Investigation | ||
| 260 |
_aISLAMABAD: _bNUST COLLEGE OF EME, _c2021. |
||
| 650 |
_aMS-MECH-18 _988307 |
||
| 942 |
_2ddc _cTHE |
||
| 999 |
_c587572 _d587572 |
||